| 000 | 01176nam a2200181Ia 4500 | ||
|---|---|---|---|
| 008 | 151202s9999||||xx |||||||||||||| ||und|| | ||
| 082 | _bPNVM-76577 | ||
| 100 | _aसप्रे अशोक /सप्रे हर्डीकर विद्या -संपा | ||
| 245 | _aअमेरिकन मराठी जन मन अधिवेशन -पन्नास वर्षांचा प्रवास | ||
| 260 | _b"ग्रंथाली प्रकाशन,मुंबई फोन-०२२२४२१६०५०/२४३०६६२४" | ||
| 260 | _c2015 | ||
| 300 | _a226 | ||
| 600 | _aसप्रे अशोक /सप्रे हर्डीकर विद्या -संपा | ||
| 630 | _aअमेरिकन मराठी जन मन अधिवेशन -पन्नास वर्षांचा प्रवास | ||
| 700 | _aसप्रे अशोक /सप्रे हर्डीकर विद्या -संपा | ||
| 730 | _aअमेरिकन मराठी जन मन अधिवेशन -पन्नास वर्षांचा प्रवास | ||
| 942 | _cBOOK | ||
| 999 |
_c1343236 _d1343233 |
||